O slove bačovka spory nie sú

Bibliographic Details
Main Author: Jacko, Jozef, 1928-2004 (Author)
Format: Article
Language:Slovak
Subjects:

MARC

LEADER 00000nab a2200000 a 4500
001 vtls000154355
003 SK-MaSNL
005 20260304050405.0
008 250422c1983 xo 0 slo
015 |a SNBRB19rr/mm-uuuuu 
035 |a CL0164462 
035 |a urn:nbn:sk:snk-ab1mht 
035 |a (urnnbn)urn:nbn:sk:snk:ar-004jhk 
035 |a (uuid)e7f61eb5-a878-4d03-9ee9-cc2e310fde6c 
040 |a SNKBUCL  |b slo  |c SNKBUCL  |e AACR2 
041 0 |a slo 
044 |a xo  |c SK 
080 |a 808.54-3  |2 1981 
100 1 |a Jacko, Jozef,  |d 1928-2004  |4 aut  |9 106719 
245 1 0 |a O slove bačovka spory nie sú  |c Jozef Jacko 
650 0 7 |a slová  |2 snkbucl  |9 665810 
655 7 |a články z novín a časopisov  |2 snkbucl  |9 267496 
773 0 |t Kultúra slova  |g Roč. 17, č. 1 (1983), s. 24-26 
850 |a Slovenská národná knižnica 
852 |a Slovenská národná knižnica 
954 |a odborná, vedecká literatúra pôvodná (slovenská)  |2 lita 
958 |a article27 
958 |a OND 
958 |a RK 
958 |a EUIPO 
992 |a RBX 
999 |c 2698024  |d 2699954